MARC

LEADER 00000nam0a2200000 4500
001 47617
005 20231101211111.0
010 |a 5200031117 
035 |a (RuTPU)RU\TPU\book\49733 
090 |a 47617 
100 |a 20030219d2002 m y0rusy50 ca 
101 0 |a rus  |a ger 
102 |a RU 
105 |a y e 001zy 
200 1 |a Русско-немецкий медицинский словарь-разговорник  |a Russisch-deutsches Worterbuch der medizinischen Termini und Redewendungen  |f В. И. Петров, В. С. Чупятова, М. В. Цветова, А. Ю. Болотина 
205 |a 3-е изд., стереотип. 
210 |a Москва  |c Русский язык  |d 2002 
215 |a 689 с. 
320 |a Указатель на русском языке: с. 675-679 
320 |a Указатель на немецком языке: с. 682-688 
606 1 |a Медицина  |2 stltpush  |3 (RuTPU)RU\TPU\subj\41780  |9 61564 
606 1 |a Немецкий язык  |x Терминологические словари  |2 stltpush  |3 (RuTPU)RU\TPU\subj\45383  |9 64626 
610 1 |a немецкий язык 
610 1 |a лексика 
610 1 |a медицина 
610 1 |a разговорники 
610 1 |a словари 
610 1 |a терминологические словари 
675 |a 61(038)  |v 3 
686 |a Ш143.24-43  |v LBC/SL-A  |2 rubbk 
701 1 |a Петров  |b В. И.  |g Владимир Иванович 
701 1 |a Чупятова  |b В. С.  |g Валентина Сергеевна 
701 1 |a Цветова  |b М. В.  |g Марианна Викторовна 
701 1 |a Болотина  |b А. Ю. 
801 1 |a RU  |b 63413507  |c 20030219  |g PSBO 
801 2 |a RU  |b 63413507  |c 20220831  |g PSBO 
942 |c BK